000 00725nam a22002297a 4500
003 OSt
005 20220107122811.0
008 160415b xxu||||| |||| 00| 0 eng d
020 _a9781439867228
040 _cIIITMK
082 _a910.285 MUE/G
100 _aMueller, Tom
_98881
245 _aGIS applications in agriculture:
_bConservation planning, Vol. 4
_cTom Mueller [et. al.]...(Eds.)
260 _aBoca Raton,
_bCRC Press,
_c2015.
300 _axix, 276p.
440 _aGIS Application in Agriculture Series.
_99065
650 _aGEOGRAPHIC INFORMATION SYSTEMS
_98882
650 _aAGRICULTURE
_98883
650 _aCONSERVATION PLANNING
_98884
700 _aSassenrath, Gretchen F. (Eds.)
_98885
942 _2ddc
_cBK
999 _c5067
_d5067